A família Pires em estado de choque (Registo nº 4676)

Detalhes MARC
000 -Etiqueta do registo
Cabeçalho 00773nam0a2200253 4500
005 - Identificador da versão
Campo de controlo 20240813122108.0
021 ## - Número do Depósito Legal
Código do país PT
Número 116740/97
100 ## - Dados gerais de processamento
Dados gerais de processamento 20190325d1997 a y0pory5003 ba
102 ## - Pais de publicação ou produção
País de publicação Portugal
101 0# - Língua de publicação
Língua do texto, banda sonora, etc. Português
215 ## - Descrição física 
Indicação específica da natureza do documento e extensão da espécie 31, [1] p.
Outras indicações físicas il.color
200 1# - Titulo e menção de responsabilidade
Título próprio A família Pires em estado de choque
Primeira menção de responsabilidade textos de Vítor Costa
Outras menções de responsabilidade il. Rogério Taveira
210 ## - Publicação, Distribuição, etc. 
Lugar da edição, distribuição, etc. [Portugal]
Nome do editor, distribuidor, etc. EDP
Data da publicação, distribuição, etc. D. L.1997
606 ## - Nome comum usado como assunto
Número de registo de entrada de autoridade 0001335
Palavra de ordem Literatura portuguesa
Subdivisão de assunto Conto
Código do sistema CA
Número de registo de entrada de autoridade 0002098
Palavra de ordem Eletricidade
Subdivisão de assunto Equipamentos
Código do sistema CA
675 ## - Classificação Decimal Universal (CDU)
Notação 821.134.3-34
Edição 3ª ed.
Língua da edição por
Notação 537
Edição 3ª ed.
Língua da edição por
702 #1 - Nome de autor-pessoa física (responsabilidade secundária)
Número de registo de entrada de autoridade 0000438
Palavra de ordem Taveira
Outra parte do nome não tomada para palavra de ordem Rogério
Código de função Ilustrador / Técnico de desenho computorizado
700 #1 - Nome de autor-pessoa física (responsabilidade principal)
Número de registo de entrada de autoridade 0002100
Palavra de ordem Costa
Outra parte do nome não tomada para palavra de ordem Vítor
966 ## - Identificação da Biblioteca
Sigla EBVEN
942 ## - Elementos de entrada adicionados (Koha)
Tipo de item no Koha Livro
Exemplares
Situação do levantamento Origin of item (home branch) (coded) Biblioteca de empréstimo Código de barras Cota Circulation type (not for loan) Tipo de documento Nota do exemplar Damaged status
  Biblioteca Escolar das Vendas Biblioteca Escolar das Vendas BEV166 8POR COS   Livro Sem mensagem